[Event "21. Ciutat de Montcada 2013"]
[Site "Montcada i Reixac ESP"]
[Date "2013.06.28"]
[Round "4.14"]
[White "Laxman, R.R."]
[Black "Escobar Forero, Alder"]
[Result "1/2-1/2"]
[WhiteElo "2397"]
[BlackElo "2468"]
[PlyCount "111"]
[EventDate "2013.06.25"]
[EventType "swiss"]
[EventRounds "9"]
[EventCountry "ESP"]
[Source "lmi"]
[SourceDate "2013.06.25"]

1. d4 d5 2. Nf3 Nf6 3. c4 dxc4 4. e3 e6 5. Bxc4 a6 6. Bd3 c5 7. O-O Nc6 8. a3
b5 9. dxc5 Bxc5 10. b4 Bd6 11. Bb2 Bb7 12. Qe2 O-O 13. Rd1 Qe7 14. Nbd2 Rac8
15. Nb3 e5 16. Ng5 Rfd8 17. Bf5 Rc7 18. Rac1 Bc8 19. Qf3 Bxf5 20. Qxf5 h6 21.
Ne4 Nxe4 22. Qxe4 Qe6 23. Qd5 Qxd5 24. Rxd5 f6 25. Kf1 Kf7 26. Rcd1 Be7 27. e4
Rxd5 28. Rxd5 Nb8 29. g4 Nd7 30. Rd2 Nb6 31. Na5 Nc4 32. Nxc4 Rxc4 33. f3 Ke6
34. Ke2 a5 35. bxa5 Ra4 36. Rd3 b4 37. axb4 Bxb4 38. Rb3 Bxa5 39. Ba3 Rc4 40.
Rb7 Rc2+ 41. Kd1 Rc7 42. Rxc7 Bxc7 43. h4 Bd6 44. Bc1 Bc7 45. h5 Kd7 46. Kc2
Kc6 47. Kd3 Bd6 48. Kc4 Be7 49. f4 exf4 50. Bxf4 Bd6 51. Bc1 Be5 52. Bd2 Kd6
53. Kd3 Ke6 54. Ke2 Bd6 55. Kf3 Bc7 56. Bc3 1/2-1/2

[Event "21. Ciutat de Montcada 2013"]
[Site "Montcada i Reixac ESP"]
[Date "2013.06.28"]
[Round "4.16"]
[White "Rios, Cristhian Camilo"]
[Black "Neelotpal, Das"]
[Result "1-0"]
[WhiteElo "2360"]
[BlackElo "2461"]
[PlyCount "69"]
[EventDate "2013.06.25"]
[EventType "swiss"]
[EventRounds "9"]
[EventCountry "ESP"]
[Source "lmi"]
[SourceDate "2013.06.25"]

1. d4 Nf6 2. c4 e6 3. Nf3 Bb4+ 4. Nbd2 c5 5. e3 b6 6. a3 Bxd2+ 7. Qxd2 Bb7 8.
b3 O-O 9. Bb2 d6 10. Be2 Ne4 11. Qc2 f5 12. Rd1 Nd7 13. O-O Qe7 14. dxc5 bxc5
15. Ne1 e5 16. f3 Ng5 17. h4 Nf7 18. Qxf5 Bc8 19. g3 Nf6 20. Qc2 Nh5 21. Kh2
Nh6 22. Bd3 Bf5 23. Ng2 e4 24. fxe4 Ng4+ 25. Kg1 Bg6 26. e5 Nxg3 27. Bxg6 hxg6
28. exd6 Rxf1+ 29. Rxf1 Qxd6 30. Rf3 Ne2+ 31. Kf1 Qh2 32. Qxg6 Ng3+ 33. Rxg3
Rf8+ 34. Ke2 Rf2+ 35. Kd3 1-0

[Event "21. Ciutat de Montcada 2013"]
[Site "Montcada i Reixac ESP"]
[Date "2013.06.28"]
[Round "4.17"]
[White "Barbero Sendic, Alejandro"]
[Black "Saptarshi, Roy"]
[Result "1-0"]
[WhiteElo "2326"]
[BlackElo "2447"]
[PlyCount "83"]
[EventDate "2013.06.25"]
[EventType "swiss"]
[EventRounds "9"]
[EventCountry "ESP"]
[Source "lmi"]
[SourceDate "2013.06.25"]

1. e4 e5 2. Nf3 Nc6 3. Bc4 Nf6 4. d4 exd4 5. e5 d5 6. Bb5 Nd7 7. O-O Be7 8. Re1
O-O 9. Bxc6 bxc6 10. Nxd4 Nb8 11. Qf3 c5 12. Nf5 Bxf5 13. Qxf5 Nc6 14. c3 Qc8
15. Qh5 Qe6 16. f4 g6 17. Qe2 f6 18. exf6 Qxe2 19. Rxe2 Bxf6 20. Na3 Rfe8 21.
Rxe8+ Rxe8 22. Kf2 Rb8 23. Ke2 Na5 24. Rb1 d4 25. b4 Re8+ 26. Kf3 Nc6 27. b5
Ne7 28. cxd4 cxd4 29. Nc4 Nd5 30. Bb2 Nc3 31. Bxc3 dxc3 32. Rc1 Bd4 33. a4 Kg7
34. Ne5 Kf6 35. Ke4 Bxe5 36. fxe5+ Rxe5+ 37. Kd4 Rg5 38. Rxc3 Rg4+ 39. Kd5 Rxg2
40. Rxc7 h5 41. Rc6+ Kf5 42. Ra6 1-0

[Event "21. Ciutat de Montcada 2013"]
[Site "Montcada i Reixac ESP"]
[Date "2013.06.28"]
[Round "4.18"]
[White "Fluvia Poyatos, Jordi"]
[Black "Garcia, Eduardo"]
[Result "1-0"]
[WhiteElo "2445"]
[BlackElo "2254"]
[PlyCount "119"]
[EventDate "2013.06.25"]
[EventType "swiss"]
[EventRounds "9"]
[EventCountry "ESP"]
[Source "lmi"]
[SourceDate "2013.06.25"]

1. e4 c5 2. Nf3 d6 3. d4 cxd4 4. Nxd4 Nf6 5. Nc3 a6 6. g3 e6 7. Bg2 Be7 8. O-O
O-O 9. Be3 Qc7 10. g4 Re8 11. g5 Nfd7 12. f4 Bf8 13. Qh5 g6 14. Qh4 Bg7 15. Rf3
Nc6 16. Nde2 Nf8 17. f5 exf5 18. Nd5 Qa5 19. Nf6+ Bxf6 20. gxf6 h5 21. Rg3 fxe4
22. Bxe4 Qe5 23. Bd3 Bf5 24. Rf1 Bxd3 25. cxd3 Kh8 26. d4 Qe4 27. Qg5 Nh7 28.
Qh6 Rg8 29. Nc3 Qc2 30. Rg2 Qd3 31. Rd2 Qc4 32. Ne4 Qe6 33. Ng3 d5 34. Re2 Rae8
35. Bf4 Qd7 36. Be5 Qg4 37. Kg2 Qg5 38. Qxg5 Nxg5 39. h4 Ne6 40. Rfe1 Rc8 41.
Rd2 Rge8 42. Kf2 Na5 43. b3 Rc6 44. Nf1 b5 45. Ne3 Rd8 46. Rdd1 Kg8 47. Rc1 Kf8
48. Ke2 Ke8 49. Kd3 Rd7 50. Nc2 Rc8 51. Nb4 Ra8 52. Rc7 Nb7 53. Rxd7 Kxd7 54.
Nxd5 Rd8 55. Rc1 Nd6 56. Nb6+ Ke8 57. d5 Nf5 58. Ke4 Nf8 59. Bc7 Rd7 60. Kf4
1-0

[Event "21. Ciutat de Montcada 2013"]
[Site "Montcada i Reixac ESP"]
[Date "2013.06.28"]
[Round "4.20"]
[White "Valdes, Leonardo"]
[Black "Arjun, Bharat"]
[Result "1/2-1/2"]
[WhiteElo "2436"]
[BlackElo "2298"]
[PlyCount "127"]
[EventDate "2013.06.25"]
[EventType "swiss"]
[EventRounds "9"]
[EventCountry "ESP"]
[Source "lmi"]
[SourceDate "2013.06.25"]

1. Nf3 d5 2. c4 c6 3. g3 Bg4 4. Bg2 Nd7 5. d4 e6 6. O-O Ngf6 7. Nbd2 Bd6 8. b3
O-O 9. Bb2 Qc7 10. Re1 Rad8 11. a3 Rfe8 12. Rc1 Qb8 13. e4 dxe4 14. Nxe4 Nxe4
15. Rxe4 Nf6 16. Re3 e5 17. c5 e4 18. cxd6 Qxd6 19. d5 Bxf3 20. Bxf3 exf3 21.
Bxf6 Qxf6 22. Rxf3 Qd6 23. Rd3 cxd5 24. Qf3 Re5 25. b4 h6 26. Rdc3 Re7 27. Qg4
d4 28. Rd3 Red7 29. Qe4 Qf6 30. Qg4 g6 31. Rc5 Kg7 32. h4 b6 33. Rc1 Qe5 34.
Qf3 h5 35. a4 Rc7 36. Rxc7 Qxc7 37. Qe4 Qd6 38. b5 Rd7 39. Qc6 Qe7 40. Kg2 Rd6
41. Qf3 Qe5 42. Rd1 Qe6 43. Rd2 Qc4 44. Qe4 Qc5 45. Rc2 Qd5 46. Qxd5 Rxd5 47.
Kf3 d3 48. Rd2 Rd4 49. Ke3 Rxa4 50. Rxd3 Kf6 51. Rd7 Ke6 52. Rb7 f6 53. Rc7 Kf5
54. Kf3 Ra3+ 55. Kg2 Ra5 56. Re7 Rxb5 57. Rxa7 Rb1 58. Re7 b5 59. Rb7 b4 60.
Kf3 Rb3+ 61. Kg2 g5 62. Rb5+ Kg6 63. hxg5 fxg5 64. Rb6+ 1/2-1/2

[Event "21. Ciutat de Montcada 2013"]
[Site "Montcada i Reixac ESP"]
[Date "2013.06.29"]
[Round "5.1"]
[White "Moreno Ruiz, Javier"]
[Black "Flores Rios, Mauricio"]
[Result "1/2-1/2"]
[WhiteElo "2486"]
[BlackElo "2492"]
[PlyCount "82"]
[EventDate "2013.06.25"]
[EventType "swiss"]
[EventRounds "9"]
[EventCountry "ESP"]
[Source "lmi"]
[SourceDate "2013.06.25"]

1. c4 e5 2. g3 Nc6 3. Bg2 Bc5 4. Nc3 a6 5. e3 d6 6. Nge2 Nge7 7. b3 Bf5 8. d4
Ba7 9. dxe5 dxe5 10. Ba3 Qd7 11. Qxd7+ Bxd7 12. Nd5 Nxd5 13. cxd5 Ne7 14. Rc1
Bb6 15. Nc3 Nf5 16. Ne4 O-O-O 17. Nc5 Bxc5 18. Rxc5 Kb8 19. O-O f6 20. Rfc1 Rc8
21. R5c3 Rhe8 22. Bb4 g6 23. a4 Nh6 24. Bf1 Nf7 25. Ba5 b6 26. Bb4 Kb7 27. a5
e4 28. axb6 cxb6 29. d6 Bc6 30. Rxc6 Rxc6 31. Bxa6+ Kxa6 32. Rxc6 Kb5 33. Rc7
Kxb4 34. Rxf7 b5 35. Rb7 Rd8 36. d7 Kc5 37. Kf1 Kc6 38. Ra7 Kb6 39. Ra2 Rxd7
40. b4 Rd3 41. Rb2 f5 1/2-1/2

[Event "21. Ciutat de Montcada 2013"]
[Site "Montcada i Reixac ESP"]
[Date "2013.06.29"]
[Round "5.3"]
[White "Cabrera, Alexis"]
[Black "Burmakin, Vladimir"]
[Result "1/2-1/2"]
[WhiteElo "2525"]
[BlackElo "2575"]
[PlyCount "72"]
[EventDate "2013.06.25"]
[EventType "swiss"]
[EventRounds "9"]
[EventCountry "ESP"]
[Source "lmi"]
[SourceDate "2013.06.25"]

1. e4 c6 2. d4 d5 3. Nc3 dxe4 4. Nxe4 Bf5 5. Ng3 Bg6 6. h4 h6 7. Nf3 Nd7 8. h5
Bh7 9. Bd3 Bxd3 10. Qxd3 e6 11. Bd2 Qc7 12. O-O-O O-O-O 13. Qe2 Bd6 14. Ne4 Bf4
15. Bxf4 Qxf4+ 16. Qe3 Qxe3+ 17. fxe3 Ndf6 18. Nf2 Ne7 19. Ne5 Rhf8 20. c4 Nf5
21. Rh3 Nh7 22. g4 Ne7 23. Ne4 f6 24. Nd3 f5 25. gxf5 exf5 26. Nd2 Ng5 27. Rg3
Ne6 28. Rf1 f4 29. Rgf3 g5 30. hxg6 Nxg6 31. Nxf4 Ngxf4 32. exf4 Nxd4 33. Rh3
Nf5 34. Re1 Rd4 35. Re4 Rfd8 36. Rh5 Rxd2 1/2-1/2

[Event "21. Ciutat de Montcada 2013"]
[Site "Montcada i Reixac ESP"]
[Date "2013.06.29"]
[Round "5.4"]
[White "Nisipeanu, Liviu-Dieter"]
[Black "Fluvia Poyatos, Jordi"]
[Result "1-0"]
[WhiteElo "2667"]
[BlackElo "2445"]
[PlyCount "91"]
[EventDate "2013.06.25"]
[EventType "swiss"]
[EventRounds "9"]
[EventCountry "ESP"]
[Source "lmi"]
[SourceDate "2013.06.25"]

1. e4 d6 2. d4 Nf6 3. f3 d5 4. e5 Ng8 5. c4 dxc4 6. Bxc4 e6 7. f4 Nd7 8. Nc3
Nb6 9. Bd3 Ne7 10. Be4 Rb8 11. Nf3 Bd7 12. O-O Bc6 13. Bxc6+ bxc6 14. Ne4 Qd5
15. Qc2 Nf5 16. Rd1 h5 17. b3 Be7 18. Ng3 g6 19. Ne4 Kf8 20. Re1 Kg7 21. Nf6
Qb5 22. a4 Qa5 23. Bd2 Bb4 24. Bxb4 Qxb4 25. Qxc6 Nxd4 26. Nxd4 Qxd4+ 27. Kh1
Nd5 28. Rad1 Qc3 29. Qxc3 Nxc3 30. Rd3 Na2 31. Rd7 Rxb3 32. Ne4 Rhb8 33. Ng5
Rb1 34. Rg1 Nc3 35. g3 Nxa4 36. Rxf7+ Kg8 37. Rxc7 R1b2 38. Rd1 Rb1 39. Rxb1
Rxb1+ 40. Kg2 a5 41. Nxe6 Nb6 42. Rg7+ Kh8 43. Ra7 a4 44. Nf8 Rb3 45. Nxg6+ Kg8
46. f5 1-0

[Event "21. Ciutat de Montcada 2013"]
[Site "Montcada i Reixac ESP"]
[Date "2013.06.29"]
[Round "5.5"]
[White "Cuartas, Jaime Alexander"]
[Black "Peralta, Fernando"]
[Result "1/2-1/2"]
[WhiteElo "2484"]
[BlackElo "2622"]
[PlyCount "80"]
[EventDate "2013.06.25"]
[EventType "swiss"]
[EventRounds "9"]
[EventCountry "ESP"]
[Source "lmi"]
[SourceDate "2013.06.25"]

1. e4 d6 2. d4 Nf6 3. Nc3 g6 4. Be2 Bg7 5. g4 c6 6. Be3 b5 7. a3 Bb7 8. f3 Qc7
9. h4 h5 10. g5 Nfd7 11. Nh3 a5 12. Qd2 O-O 13. Nf2 Nb6 14. O-O b4 15. Ncd1 c5
16. axb4 cxd4 17. Bxd4 Bxd4 18. Qxd4 Nc6 19. Qd2 axb4 20. Ne3 d5 21. exd5 Qg3+
22. Ng2 Rxa1 23. Rxa1 Ne5 24. Qf4 Qxf4 25. Nxf4 Nxd5 26. N4d3 Nxd3 27. Nxd3 Rc8
28. Ne1 Rd8 29. Kf2 Nf4 30. Rd1 Rxd1 31. Bxd1 f6 32. gxf6 exf6 33. Ng2 Nxg2 34.
Kxg2 g5 35. c3 bxc3 36. bxc3 Kf7 37. Kg3 Ke6 38. hxg5 fxg5 39. f4 h4+ 40. Kg4
gxf4 1/2-1/2

[Event "21. Ciutat de Montcada 2013"]
[Site "Montcada i Reixac ESP"]
[Date "2013.06.29"]
[Round "5.6"]
[White "Aloma Vidal, Robert"]
[Black "Gleizerov, Evgeny"]
[Result "0-1"]
[WhiteElo "2421"]
[BlackElo "2553"]
[PlyCount "82"]
[EventDate "2013.06.25"]
[EventType "swiss"]
[EventRounds "9"]
[EventCountry "ESP"]
[Source "lmi"]
[SourceDate "2013.06.25"]

1. d4 e6 2. e4 d5 3. Nd2 Nf6 4. e5 Nfd7 5. Bd3 c5 6. c3 Nc6 7. Ne2 cxd4 8. cxd4
f6 9. exf6 Qxf6 10. Nf3 h6 11. O-O Bd6 12. Ng3 O-O 13. Bc2 Rf7 14. Nh5 Qe7 15.
Bg6 Rxf3 16. Qxf3 Nxd4 17. Qg4 Ne5 18. Qxd4 Nxg6 19. Bd2 Qf7 20. f4 Ne7 21. Ng3
Bd7 22. Rac1 Bb5 23. Rfe1 Nc6 24. Qe3 Re8 25. Qf3 Rf8 26. Qg4 e5 27. f5 e4 28.
Rxc6 Bxc6 29. Nh5 Be5 30. Rf1 Bb5 31. Rf2 Bd4 32. f6 Bd7 33. Qg3 Bxf2+ 34. Kxf2
g5 35. Bb4 Re8 36. Qd6 e3+ 37. Ke1 Be6 38. g4 Qg6 39. f7+ Qxf7 40. h3 Qf2+ 41.
Kd1 e2+ 0-1

[Event "21. Ciutat de Montcada 2013"]
[Site "Montcada i Reixac ESP"]
[Date "2013.06.29"]
[Round "5.7"]
[White "Pancevski, Filip"]
[Black "Rios, Cristhian Camilo"]
[Result "1/2-1/2"]
[WhiteElo "2513"]
[BlackElo "2360"]
[PlyCount "99"]
[EventDate "2013.06.25"]
[EventType "swiss"]
[EventRounds "9"]
[EventCountry "ESP"]
[Source "lmi"]
[SourceDate "2013.06.25"]

1. e4 c5 2. Nc3 Nc6 3. Nf3 e6 4. d4 cxd4 5. Nxd4 Qb6 6. Ndb5 a6 7. Nd6+ Bxd6 8.
Qxd6 Nge7 9. Bd3 Qd4 10. Qg3 Nb4 11. O-O Nxd3 12. cxd3 b5 13. Ne2 Qf6 14. Bd2
Qxb2 15. Qe3 Qa3 16. Qd4 a5 17. Nc3 Ba6 18. Rab1 f6 19. Nxb5 Bxb5 20. Rxb5 Nc6
21. Qc3 Qxc3 22. Bxc3 Ke7 23. Rfb1 Rhc8 24. Kf1 Ke8 25. Ke2 a4 26. Kd2 Ne7 27.
h4 e5 28. g3 Ra6 29. Rb8 Rxb8 30. Rxb8+ Kf7 31. h5 g6 32. g4 gxh5 33. gxh5 Nc6
34. Rb7 Ke6 35. Ke3 Ra8 36. Rb6 Rg8 37. Ra6 Rg5 38. Rxa4 Rxh5 39. Ra8 Rh1 40.
a4 h5 41. Rh8 h4 42. d4 exd4+ 43. Bxd4 h3 44. Bc3 h2 45. Kd2 Ne5 46. Bxe5 Kxe5
47. Rh4 Ra1 48. Rxh2 Rxa4 49. Rh5+ Kf4 50. Rf5+ 1/2-1/2

[Event "21. Ciutat de Montcada 2013"]
[Site "Montcada i Reixac ESP"]
[Date "2013.06.29"]
[Round "5.8"]
[White "Martinez Ramirez, Erik"]
[Black "Guerra Mendez, Jose Angel"]
[Result "1-0"]
[WhiteElo "2306"]
[BlackElo "2505"]
[PlyCount "85"]
[EventDate "2013.06.25"]
[EventType "swiss"]
[EventRounds "9"]
[EventCountry "ESP"]
[Source "lmi"]
[SourceDate "2013.06.25"]

1. e4 c5 2. Nf3 d6 3. d4 cxd4 4. Nxd4 Nf6 5. Nc3 a6 6. Bg5 e6 7. f4 Be7 8. Qf3
Qc7 9. O-O-O Nbd7 10. Bd3 h6 11. Bh4 g5 12. e5 gxh4 13. exf6 Bxf6 14. Nde2 d5
15. Kb1 b5 16. Rhe1 Bb7 17. f5 O-O-O 18. fxe6 fxe6 19. Nf4 d4 20. Be4 dxc3 21.
Nxe6 Qb6 22. Bxb7+ Qxb7 23. Qf5 Bg5 24. Nxd8 Rxd8 25. Rd5 Bd2 26. Re7 Rf8 27.
Rc5+ Kb8 28. Rxd7 Rxf5 29. Rxb7+ Kxb7 30. Rxf5 cxb2 31. Kxb2 Kb6 32. Kb3 Be3
33. Rf6+ Ka5 34. Re6 Bf4 35. h3 Bg5 36. Kc3 Bc1 37. Kd4 Bd2 38. Rc6 Bg5 39. Kd5
Bf4 40. Re6 b4 41. Kc4 Bg5 42. Kb3 Bd2 43. Rd6 1-0

[Event "21. Ciutat de Montcada 2013"]
[Site "Montcada i Reixac ESP"]
[Date "2013.06.29"]
[Round "5.9"]
[White "Cruz, Cristhian"]
[Black "Barbero Sendic, Alejandro"]
[Result "1-0"]
[WhiteElo "2499"]
[BlackElo "2326"]
[PlyCount "83"]
[EventDate "2013.06.25"]
[EventType "swiss"]
[EventRounds "9"]
[EventCountry "ESP"]
[Source "lmi"]
[SourceDate "2013.06.25"]

1. c4 g6 2. g3 Bg7 3. Bg2 c5 4. Nc3 Nc6 5. a3 e6 6. b4 d6 7. Rb1 Nge7 8. Nf3
O-O 9. O-O b6 10. Ne1 Bb7 11. Bb2 Qd7 12. Qa4 Rad8 13. Nc2 Qc8 14. d3 Qa8 15.
Rfe1 h5 16. Ne4 e5 17. Ne3 h4 18. Nc3 hxg3 19. hxg3 Nd4 20. Ned5 Nxd5 21. Nxd5
Ne6 22. Bc3 Rfe8 23. Qd1 Qc8 24. bxc5 dxc5 25. a4 Ng5 26. a5 Nh3+ 27. Bxh3 Qxh3
28. e4 Bc8 29. Qf3 Bg4 30. Qh1 Qxh1+ 31. Kxh1 bxa5 32. Kg2 a4 33. Rb5 Rc8 34.
Ra5 Be6 35. Rxa4 Bxd5 36. cxd5 Re7 37. Rb1 f5 38. Rc4 fxe4 39. dxe4 Rf7 40. Rb5
Rfc7 41. Ba5 a6 42. Rb6 1-0

[Event "21. Ciutat de Montcada 2013"]
[Site "Montcada i Reixac ESP"]
[Date "2013.06.29"]
[Round "5.10"]
[White "Gagare, Shardul"]
[Black "Perez Mitjans, Orelvis"]
[Result "0-1"]
[WhiteElo "2407"]
[BlackElo "2496"]
[PlyCount "124"]
[EventDate "2013.06.25"]
[EventType "swiss"]
[EventRounds "9"]
[EventCountry "ESP"]
[Source "lmi"]
[SourceDate "2013.06.25"]

1. c4 g6 2. g3 Bg7 3. Bg2 d6 4. Nc3 e5 5. Nf3 Nc6 6. Rb1 a5 7. a3 f5 8. d3 Nf6
9. O-O O-O 10. b4 axb4 11. axb4 h6 12. b5 Ne7 13. Bb2 g5 14. Ra1 Rxa1 15. Qxa1
b6 16. Nd2 h5 17. Qa8 h4 18. Ra1 hxg3 19. hxg3 g4 20. Ra7 Bh6 21. Nf1 f4 22.
Qb8 Ne8 23. Ne4 Qd7 24. Bc3 Qe6 25. Bb4 f3 26. exf3 gxf3 27. Bh1 Nf5 28. Bc3
Bd7 29. Qb7 Qg6 30. Nh2 Nh4 31. Ra8 Be3 32. Rd8 Bh3 33. Qc6 Nf5 34. fxe3 Nxg3
35. Qd5+ Kh7 36. Ng5+ Qxg5 37. Nxf3 Qxd8 38. Bxe5 Nxh1 39. Bf4 Nf6 40. Ng5+ Kg6
41. Qxh1 Bf5 42. e4 Bg4 43. Nh7 Nxh7 44. Qh6+ Kf7 45. Qxh7+ Ke6 46. Qg6+ Qf6
47. Qxg4+ Kf7 48. Qd7+ Kg8 49. Qg4+ Qg7 50. Bg5 Qa1+ 51. Bc1+ Kf7 52. Qd7+ Kf6
53. Qf5+ Ke7 54. Qg5+ Kd7 55. Kg2 Kc8 56. Qd5 Kb8 57. Bg5 Qf1+ 58. Kg3 Qf3+ 59.
Kh2 Qe2+ 60. Kg3 Rf3+ 61. Kh4 Qf2+ 62. Kg4 Rg3+ 0-1

[Event "21. Ciutat de Montcada 2013"]
[Site "Montcada i Reixac ESP"]
[Date "2013.06.29"]
[Round "5.11"]
[White "Ulibin, Mikhail"]
[Black "Sanchez Ibern, Marc"]
[Result "1/2-1/2"]
[WhiteElo "2523"]
[BlackElo "2401"]
[PlyCount "116"]
[EventDate "2013.06.25"]
[EventType "swiss"]
[EventRounds "9"]
[EventCountry "ESP"]
[Source "lmi"]
[SourceDate "2013.06.25"]

1. e4 c5 2. Nf3 d6 3. Bb5+ Bd7 4. Bxd7+ Qxd7 5. O-O Nc6 6. c3 Nf6 7. d4 Nxe4 8.
d5 Ne5 9. Re1 Nf6 10. Nxe5 dxe5 11. c4 O-O-O 12. Nc3 e6 13. Bg5 exd5 14. Nxd5
Be7 15. Rxe5 Nxd5 16. Rxd5 Bxg5 17. Rxd7 Rxd7 18. Qa4 Rhd8 19. h4 Bxh4 20. Qxa7
Rd1+ 21. Rxd1 Rxd1+ 22. Kh2 Bxf2 23. Qa8+ Kc7 24. Qf8 Bd4 25. Qxf7+ Kb6 26. Qe8
Rd3 27. b4 Re3 28. Qd8+ Ka7 29. Qa5+ Kb8 30. Qd8+ Ka7 31. bxc5 Be5+ 32. g3 Rxg3
33. Qa5+ Kb8 34. Qd8+ Ka7 35. Kh1 Rg6 36. c6 Rxc6 37. Qa5+ Ra6 38. Qxe5 Rxa2
39. Qd4+ Kb8 40. Qxg7 Ra4 41. Qe5+ Ka7 42. Qc5+ Ka8 43. Qd4 h6 44. Qd8+ Ka7 45.
Qd4+ Ka8 46. Kg2 Ra6 47. Kf3 Rc6 48. Ke4 Kb8 49. Kd5 Ra6 50. Qf4+ Ka8 51. Qc7
Rc6 52. Qd8+ Ka7 53. Qa5+ Ra6 54. Qc7 Rc6 55. Qd8 Ra6 56. c5 Rc6 57. Qd7 Ra6
58. Qd8 Rc6 1/2-1/2

[Event "21. Ciutat de Montcada 2013"]
[Site "Montcada i Reixac ESP"]
[Date "2013.06.29"]
[Round "5.12"]
[White "Escobar Forero, Alder"]
[Black "Camacho Collados, Jose"]
[Result "1-0"]
[WhiteElo "2468"]
[BlackElo "2371"]
[PlyCount "69"]
[EventDate "2013.06.25"]
[EventType "swiss"]
[EventRounds "9"]
[EventCountry "ESP"]
[Source "lmi"]
[SourceDate "2013.06.25"]

1. e4 c5 2. Nc3 Nc6 3. Nf3 e6 4. d4 cxd4 5. Nxd4 Nf6 6. a3 Be7 7. f4 d6 8. Nf3
O-O 9. Bd3 e5 10. O-O exf4 11. Bxf4 Bg4 12. Kh1 Re8 13. Qd2 Qa5 14. Rae1 Rad8
15. b4 Qh5 16. Nd5 Ne5 17. Nxe7+ Rxe7 18. Nxe5 dxe5 19. Bg5 Rd6 20. Bxf6 Rxf6
21. Rxf6 gxf6 22. Qf2 Qg5 23. Qxa7 Qd2 24. Rf1 Kg7 25. h3 Be6 26. Rf3 h5 27.
Rg3+ Kf8 28. Qb8+ Re8 29. Qd6+ Re7 30. Rf3 Qg5 31. Bb5 f5 32. Qxe5 Bd7 33. Qh8+
Qg8 34. Qxg8+ Kxg8 35. Bxd7 1-0

[Event "21. Ciutat de Montcada 2013"]
[Site "Montcada i Reixac ESP"]
[Date "2013.06.29"]
[Round "5.13"]
[White "Lorenzo De La Riva, Lazaro"]
[Black "Deepan, Chakkravarthy J"]
[Result "1-0"]
[WhiteElo "2424"]
[BlackElo "2468"]
[PlyCount "97"]
[EventDate "2013.06.25"]
[EventType "swiss"]
[EventRounds "9"]
[EventCountry "ESP"]
[Source "lmi"]
[SourceDate "2013.06.25"]

1. e4 c5 2. Nf3 d6 3. d4 cxd4 4. Nxd4 Nf6 5. Nc3 a6 6. Bc4 e6 7. O-O Nc6 8.
Nxc6 bxc6 9. Qe2 d5 10. Bd3 Be7 11. e5 Nd7 12. Na4 c5 13. c4 d4 14. Re1 Bb7 15.
b3 Qc7 16. Bd2 h5 17. Be4 Rb8 18. Bxb7 Qxb7 19. Nb2 Nf8 20. Nd3 Ng6 21. g3 h4
22. Qe4 hxg3 23. hxg3 Qxe4 24. Rxe4 Kd7 25. Kg2 Rh5 26. Rb1 f6 27. exf6 gxf6
28. Rh1 Rxh1 29. Kxh1 e5 30. f4 Ke6 31. fxe5 fxe5 32. Kg2 Bd6 33. Rg4 Kf7 34.
Nf2 a5 35. Ne4 Be7 36. Bg5 a4 37. Bxe7 axb3 38. axb3 Nxe7 39. Nxc5 Ra8 40. Re4
Ra2+ 41. Kf3 Nc6 42. Re2 Ra5 43. Nd3 Ra3 44. Rb2 Ke6 45. Ke4 Kd6 46. b4 Ne7 47.
g4 Rc3 48. c5+ Ke6 49. Re2 1-0

[Event "21. Ciutat de Montcada 2013"]
[Site "Montcada i Reixac ESP"]
[Date "2013.06.29"]
[Round "5.14"]
[White "Anurag, Mhamal"]
[Black "Satyapragyan, Swayangsu"]
[Result "1/2-1/2"]
[WhiteElo "2401"]
[BlackElo "2464"]
[PlyCount "31"]
[EventDate "2013.06.25"]
[EventType "swiss"]
[EventRounds "9"]
[EventCountry "ESP"]
[Source "lmi"]
[SourceDate "2013.06.25"]

1. c4 Nf6 2. g3 e6 3. Nf3 d5 4. Bg2 dxc4 5. Qa4+ Nbd7 6. O-O a6 7. Qxc4 b5 8.
Qc2 Bb7 9. d3 Be7 10. Nc3 c5 11. a4 Qb6 12. axb5 axb5 13. Rxa8+ Bxa8 14. Bd2
O-O 15. Ra1 Bc6 16. h3 1/2-1/2

[Event "21. Ciutat de Montcada 2013"]
[Site "Montcada i Reixac ESP"]
[Date "2013.06.29"]
[Round "5.15"]
[White "Kjartansson, Gudmundur"]
[Black "Laxman, R.R."]
[Result "0-1"]
[WhiteElo "2453"]
[BlackElo "2397"]
[PlyCount "88"]
[EventDate "2013.06.25"]
[EventType "swiss"]
[EventRounds "9"]
[EventCountry "ESP"]
[Source "lmi"]
[SourceDate "2013.06.25"]

1. Nf3 Nf6 2. c4 e6 3. g3 d5 4. Bg2 dxc4 5. Qc2 c6 6. Ne5 Bd6 7. Nxc4 Bc7 8. b3
O-O 9. Bb2 Re8 10. d3 e5 11. Nbd2 Bg4 12. h3 Bh5 13. e4 Na6 14. Bc3 b5 15. Ne3
Nc5 16. Bf1 Qd7 17. g4 Bg6 18. Nf3 Nfxe4 19. dxe4 Bxe4 20. Rd1 Qe7 21. Qe2 Rad8
22. Bg2 Nd3+ 23. Rxd3 Rxd3 24. Qb2 Qc5 25. Bd2 Red8 26. Qc1 Qd6 27. Bc3 Qf6 28.
Ke2 Qf4 29. Nh4 Bb6 30. Bxe4 Qxe4 31. Nhf5 Bxe3 32. Nxe3 Rxc3 33. Qxc3 Qxh1 34.
Qxe5 Qxh3 35. Qe7 Rf8 36. f3 Qh2+ 37. Kf1 Qxa2 38. Nf5 Qxb3 39. Qg5 Qxf3+ 40.
Kg1 Qd1+ 41. Kh2 Qc2+ 42. Kg1 Qb1+ 43. Kh2 Qb2+ 44. Kh1 Qc3 0-1

[Event "21. Ciutat de Montcada 2013"]
[Site "Montcada i Reixac ESP"]
[Date "2013.06.29"]
[Round "5.17"]
[White "Cori T., Deysi"]
[Black "Amores Gago, Javier"]
[Result "1-0"]
[WhiteElo "2437"]
[BlackElo "2142"]
[PlyCount "69"]
[EventDate "2013.06.25"]
[EventType "swiss"]
[EventRounds "9"]
[EventCountry "ESP"]
[Source "lmi"]
[SourceDate "2013.06.25"]

1. d4 Nf6 2. c4 g6 3. Nc3 Bg7 4. e4 d6 5. f3 O-O 6. Be3 Nc6 7. Nge2 e5 8. Qd2
Nd7 9. O-O-O a6 10. Kb1 exd4 11. Nxd4 Nde5 12. Nd5 Re8 13. h3 Rb8 14. Qc1 Nxd4
15. Bxd4 c5 16. Bc3 b5 17. cxb5 axb5 18. b3 b4 19. Ba1 Nc6 20. Bxg7 Kxg7 21. h4
h6 22. g4 Nd4 23. Qb2 Be6 24. Rxd4 cxd4 25. Qxd4+ f6 26. Bc4 Bxd5 27. Qxd5 Qd7
28. g5 Re5 29. gxf6+ Kh7 30. Qd4 Ra5 31. Rd1 Rba8 32. Rd2 Qa7 33. Qxd6 Rxa2 34.
Qd7+ Kh8 35. Qg7+ 1-0

[Event "21. Ciutat de Montcada 2013"]
[Site "Montcada i Reixac ESP"]
[Date "2013.06.29"]
[Round "5.18"]
[White "Rishi, Sardana"]
[Black "Valdes, Leonardo"]
[Result "1-0"]
[WhiteElo "2308"]
[BlackElo "2436"]
[PlyCount "147"]
[EventDate "2013.06.25"]
[EventType "swiss"]
[EventRounds "9"]
[EventCountry "ESP"]
[Source "lmi"]
[SourceDate "2013.06.25"]

1. e4 d6 2. d4 Nf6 3. Nc3 g6 4. f4 Bg7 5. Nf3 O-O 6. Bd3 Na6 7. O-O c5 8. d5
Bg4 9. Bc4 Nc7 10. h3 Bxf3 11. Qxf3 a6 12. a4 Rb8 13. a5 Nd7 14. Qe2 e6 15.
dxe6 Nxe6 16. Nd5 Qh4 17. c3 Rbe8 18. Bd2 Bh6 19. Be1 Qd8 20. Qg4 Kh8 21. Bh4
f6 22. Bg3 Ng7 23. Rae1 f5 24. Qh4 Qxh4 25. Bxh4 Rxe4 26. Rxe4 fxe4 27. Be7 Re8
28. g4 Ne6 29. Bxd6 Bf8 30. Bxf8 Rxf8 31. Kg2 Kg7 32. Kg3 Nd8 33. Ne7 Nf6 34.
Rd1 Kh8 35. Nd5 Nc6 36. Nxf6 Rxf6 37. Rd5 Rf7 38. Rxc5 Re7 39. Kf2 Na7 40. Ke3
Kg7 41. Re5 Rc7 42. Rxe4 Nc6 43. b4 Ne7 44. Kd3 Kf8 45. Rd4 Nc6 46. Rd6 Ke7 47.
Re6+ Kd7 48. Rf6 Ke8 49. Bd5 Rd7 50. Ke4 Na7 51. Re6+ Kf8 52. Ke5 Nc8 53. c4
Rc7 54. Kd4 Re7 55. Ke5 Rc7 56. h4 Rd7 57. g5 Rc7 58. f5 gxf5 59. Rf6+ Kg7 60.
h5 Re7+ 61. Kxf5 Re8 62. h6+ Kh8 63. Bxb7 Ne7+ 64. Kg4 Rd8 65. Rxa6 Ng6 66. Bd5
Ne7 67. Re6 Ng6 68. a6 Rf8 69. Bb7 Rf4+ 70. Kg3 Rf7 71. a7 Ne7 72. a8=Q+ Ng8
73. Qxg8+ Kxg8 74. Re8+ 1-0